Ranking wagi półciężkiej UFC - Statystyki

Ogólne statystyki
  • Ten quiz został rozwiązany 229 razy
  • Średni wynik to 8 z 16
Statystyki odpowiedzi
Miejsce Zawodnik % Poprawnych
2 Jan Błachowicz
99%
CHAMP Jiri Prochazka
86%
1 Glover Teixeira
76%
6 Jamahil Hill
75%
3 Magomed Ankalaev
71%
4 Aleksandar Rakić
63%
12 Dominick Reyes
58%
11 Johnny Walker
57%
5 Anthony Smith
51%
7 Nikita Krylov
42%
9 Volkan Oezdemir
33%
8 Paul Craig
32%
10 Ryan Spann
31%
13 Khalil Rountree Jr
26%
15 Dustin Jacoby
16%
14 Jimmy Crute
13%
Nie znaleziono quizów pasujących do podanych kryteriów
Rozkład punktacji
Procent ludzi z każdym wynikiem
Percentyl według liczby udzielonych odpowiedzi
Twoja historia wyników
Nie rozwiązałeś tego quizu